| 000 | 01270cam a2200313 a 4500 | ||
|---|---|---|---|
| 001 | 15657331 | ||
| 005 | 20091027131051.0 | ||
| 008 | 090312s2009 nyua 001 0 eng | ||
| 010 | _a 2009010124 | ||
| 015 |
_aGBA932734 _2bnb |
||
| 016 | 7 |
_a015102873 _2Uk |
|
| 020 | _a9780071626811 (pbk. : alk. paper) | ||
| 020 | _a0071626816 (pbk. : alk. paper) | ||
| 035 | _a(OCoLC)ocn277205773 | ||
| 040 |
_aDLC _cDLC _dYDX _dBTCTA _dUKM _dYDXCP _dVP@ _dDLC |
||
| 050 | 0 | 0 |
_aTA357 _b.P723 2009 |
| 082 | 0 | 0 |
_a620.106 _222 _bPOT |
| 100 | 1 |
_aPotter, Merle C. _912513 |
|
| 245 | 1 | 0 |
_aFluid mechanics demystified / _cMerle C. Potter. |
| 260 |
_aNew York : _bMcGraw-Hill, _cc2009. |
||
| 300 |
_axii, 302 p. : _bill. ; _c24 cm. |
||
| 490 | 1 | _aDemystified series | |
| 500 | _aIncludes index. | ||
| 650 | 0 |
_aFluid mechanics. _912514 |
|
| 830 | 0 |
_aMcGraw-Hill "Demystified" series. _912515 |
|
| 942 |
_2ddc _cBB |
||
| 999 |
_c13641 _d13641 |
||